00499cam a22001577a 4500008004000000082001700040100001800057245004100075260003400116300000900150500001200159650004100171650002200212999001900234952008800253180718b1965 xxu||||| |||| 00| 0 eng d aA6x5431 C378 aChari, A.S.R. aThe Kashmir problemcby A.S.R. Chari aNew DelhibM. Kalimullac1965 a71p. aRs.1.25 aIndia - Foreign Relations - Pakistan aKashmir - History c362130d362130 00104070aIIPAbIIPAd1994-03-21oA6x5431 C378p38772r2018-07-21w2018-07-21yBK